AI superpowers : (Record no. 554482)

000 -LEADER
fixed length control field 01771cam a2200385 i 4500
001 - CONTROL NUMBER
control field 20458158
003 - CONTROL NUMBER IDENTIFIER
control field NUST
005 - DATE AND TIME OF LATEST TRANSACTION
control field 20210329122007.0
008 - FIXED-LENGTH DATA ELEMENTS--GENERAL INFORMATION
fixed length control field 180419t20182018mau b 001 0 eng
010 ## - LIBRARY OF CONGRESS CONTROL NUMBER
LC control number 2018017250
020 ## - INTERNATIONAL STANDARD BOOK NUMBER
International Standard Book Number 9781328546395 (hardcover)
038 ## - RECORD CONTENT LICENSOR
Staff Name waseem
040 ## - CATALOGING SOURCE
Original cataloging agency DLC
Language of cataloging eng
Transcribing agency DLC
Description conventions rda
Modifying agency DLC
042 ## - AUTHENTICATION CODE
Authentication code pcc
043 ## - GEOGRAPHIC AREA CODE
Geographic area code a-cc---
-- n-us---
050 00 - LIBRARY OF CONGRESS CALL NUMBER
Classification number HC79.I55
Item number L435 2018
082 00 - DEWEY DECIMAL CLASSIFICATION NUMBER
Classification number 338.4700630951
Author Mark LEE
100 1# - MAIN ENTRY--PERSONAL NAME
Personal name Lee, Kai-Fu,
Relator term author.
9 (RLIN) 52004
245 10 - TITLE STATEMENT
Title AI superpowers :
Remainder of title China, Silicon Valley, and the new world order /
Statement of responsibility, etc. Kai-Fu Lee.
264 #1 - PRODUCTION, PUBLICATION, DISTRIBUTION, MANUFACTURE, AND COPYRIGHT NOTICE
Place of production, publication, distribution, manufacture Boston :
Name of producer, publisher, distributor, manufacturer Houghton Mifflin Harcourt,
Date of production, publication, distribution, manufacture, or copyright notice 2018.
264 #4 - PRODUCTION, PUBLICATION, DISTRIBUTION, MANUFACTURE, AND COPYRIGHT NOTICE
Date of production, publication, distribution, manufacture, or copyright notice ©2018
300 ## - PHYSICAL DESCRIPTION
Extent xi, 253 pages ;
Dimensions 24 cm
336 ## - CONTENT TYPE
Content type term text
Content type code txt
Source rdacontent
337 ## - MEDIA TYPE
Media type term unmediated
Media type code n
Source rdamedia
338 ## - CARRIER TYPE
Carrier type term volume
Carrier type code nc
Source rdacarrier
504 ## - BIBLIOGRAPHY, ETC. NOTE
Bibliography, etc. note Includes bibliographical references (pages 234-241) and index.
505 0# - FORMATTED CONTENTS NOTE
Formatted contents note Introduction -- China's Sputnik moment -- Copycats in the Coliseum -- China's alternate Internet universe -- A tale of two countries -- The four waves of AI -- Utopia, dystopia, and the real AI crisis -- The wisdom of cancer -- A blueprint for human co-existence with AI -- Our global AI story.
563 ## - BINDING INFORMATION
Binding note Hardcover.
650 #0 - SUBJECT ADDED ENTRY--TOPICAL TERM
Topical term or geographic name entry element Artificial intelligence
General subdivision Economic aspects
Geographic subdivision China.
9 (RLIN) 52005
650 #0 - SUBJECT ADDED ENTRY--TOPICAL TERM
Topical term or geographic name entry element Artificial intelligence
General subdivision Economic aspects
Geographic subdivision United States.
9 (RLIN) 52006
776 08 - ADDITIONAL PHYSICAL FORM ENTRY
Relationship information Online version:
Main entry heading Lee, Kai-Fu, author.
Title AI superpowers
Place, publisher, and date of publication Boston : Houghton Mifflin Harcourt, [2018]
International Standard Book Number 9781328545862
Record control number (DLC) 2018019409
906 ## - LOCAL DATA ELEMENT F, LDF (RLIN)
a 7
b cbc
c orignew
d 1
e ecip
f 20
g y-gencatlg
942 ## - ADDED ENTRY ELEMENTS (KOHA)
Source of classification or shelving scheme
Koha item type Book
Holdings
Withdrawn status Lost status Source of classification or shelving scheme Damaged status Not for loan Permanent Location Current Location Shelving location Date acquired Source of acquisition Total Checkouts Total Renewals Full call number Barcode Date last seen Date last checked out Price effective from Koha item type
          Central Library (CL) Central Library (CL) Chinese Studies 03/29/2021 Golden Books 4 2 338.4700630951 LEE CL-494 05/07/2025 09/27/2022 03/29/2021 Book
© 2023 Central Library, National University of Sciences and Technology. All Rights Reserved.